Statistics for Brooklyn Nets 2017-18 Roster

Click here to take the quiz!

General Stats

  • This quiz has been taken 73 times
  • The average score is 8 of 18

Answer Stats

Nbr Post Player % Correct
1GuardD'Angelo Russell
92%
31CenterJarrett Allen
83%
8GuardSpencer Dinwiddie
69%
24ForwardRondae Hollis-Jefferson
69%
22Guard-ForwardCaris LeVert
56%
9ForwardDeMarre Carroll
56%
33Guard-ForwardAllen Crabbe
56%
7GuardJeremy Lin
54%
12GuardJoe Harris
48%
20CenterTimofey Mozgov
42%
-Head CoachKenny Atkinson
37%
35ForwardTrevor Booker
37%
13ForwardQuincy Acy
25%
15GuardIsaiah Whitehead
21%
44CenterTyler Zeller
21%
6GuardSean Kilpatrick
19%
21ForwardJacob Wiley
8%
00GuardYakuba Ouattara
0%

Score Distribution

Percentile by Number Answered

Percent of People with Each Score

Your Score History

You have not taken this quiz